| 000 | 00744cab a2200253 4500 | ||
|---|---|---|---|
| 001 | WB2938-08 | ||
| 008 | 090401t1993 xxu||||| |||| 00| 0 eng d | ||
| 035 | _a(Sirsi) u47980 | ||
| 041 | _aeng | ||
| 245 | _aUK lists for European funds | ||
| 260 | _c1993 | ||
| 350 | _a0 | ||
| 490 |
_aDTI Press Notice _v(P/93/576) 11 October 1993 |
||
| 490 |
_aScottish Office News Release _v(1520/93) 11 October 1993 (12) |
||
| 520 | _aThe industry minister has announced lists of areas for which the government is applying for EC aid. | ||
| 650 | _aEC AID | ||
| 650 | _aOBJECTIVE 2 | ||
| 650 | _aOBJECTIVE 5B | ||
| 650 | _aREGIONAL POLICY | ||
| 650 | _aSTRUCTURAL FUNDS | ||
| 690 | _aECONOMIC AND SOCIAL | ||
| 942 | _n0 | ||
| 948 | _c04/03/1997 | ||
| 999 |
_c30165 _d30165 |
||